Patrimonium Capuccinorum : deset let obnovy kapucínského kulturního bohatství : katalog výstavy pořádané ve dnech 27. června - 30. září 2011 v pražské Loretě /

Korporativní autor: Kapucíni
Další autoři: Baštová, Markéta, Loreta (Praha, Česko)
Jazyk: Čeština
Vydáno: Praha : Provincie kapucínů v ČR, 2012
Témata:
Fyzický popis: 104 s. : barev. il. ; 21 cm
Language note: Souběžný anglický úvod, anglické resumé
Knihy
Uloženo v:
LEADER 02134nam a2200529 a 4500
001 nkc20122368392
003 CZ PrNK
005 20121129100209.0
007 ta
008 120516s2012 xr a e c 001 0 cze
020 |a 978-80-905228-0-0  |q (brož.)  |z 9788090522800 
040 |a ABA001  |b cze 
041 1 |a cze  |b eng  |h lat 
043 |a e-xr--- 
045 |a t-y1 
072 7 |a 7.01/.09  |x Umění  |2 Konspekt  |9 21 
080 |a 27-789.325  |2 MRF 
080 |a 7.032/038:27  |2 MRF 
080 |a 7.025.3/.4  |2 MRF 
080 |a (437.3)  |2 MRF 
080 |a (083.824)  |2 MRF 
245 0 0 |a Patrimonium Capuccinorum :  |b deset let obnovy kapucínského kulturního bohatství : katalog výstavy pořádané ve dnech 27. června - 30. září 2011 v pražské Loretě /  |c [texty Markéta Baštová (ed.) ... et al.] 
260 |a Praha :  |b Provincie kapucínů v ČR,  |c 2012 
300 |a 104 s. :  |b barev. il. ;  |c 21 cm 
500 |a Část. přeloženo z latiny 
504 |a Obsahuje bibliografie a rejstřík 
546 |a Souběžný anglický úvod, anglické resumé 
648 7 |a 2001-2010  |7 ch460588  |2 czenas 
648 7 |a 16.-18. století  |7 ch757029  |2 czenas 
650 0 7 |a kapucíni  |7 ph121450  |z Česko  |2 czenas 
650 0 7 |a křesťanské umění  |7 ph122128  |y 16.-18. stol.  |2 czenas 
650 0 7 |a restaurování památek  |7 ph135827  |z Česko  |y 2001-2010  |2 czenas 
650 0 7 |a ochrana kulturního dědictví  |7 ph137196  |z Česko  |y 2001-2010  |2 czenas 
650 0 9 |a Capuchins  |z Czechia  |2 eczenas 
650 0 9 |a Christian art  |y 16th-18th centuries  |2 eczenas 
650 0 9 |a antiquities restoration  |z Czechia  |y 2001-2010  |2 eczenas 
650 0 9 |a protection of cultural heritage  |z Czechia  |y 2001-2010  |2 eczenas 
655 7 |a katalogy výstav  |7 fd132536  |2 czenas 
655 9 |a exhibition catalogs  |2 eczenas 
700 1 |a Baštová, Markéta  |7 xx0132616  |4 aut  |4 edt 
710 2 |a Kapucíni  |7 kn20010724358 
710 2 |a Loreta (Praha, Česko)  |7 kn20050504129 
910 2 |a BOA001  |b 2-1293.873 
990 |a BK 
995 |a 11 
991 |b 201211  |c NOV  |e n 
996 6 |b 2610527968  |c 2-1293.873  |l MZK  |r Sklad / do 1 hodiny  |n 2  |p p.v.  |w 001297834  |u 000010  |a 1  |e BOA001  |j MZK50  |s P